[Event "11. Lichtenberger Sommer"]
[Site "Berlin"]
[Date "2012.08.22"]
[Round "5.26"]
[White "Nötzel, Felix"]
[Black "Fischöder, Heiko"]
[Result "1-0"]
[WhiteElo "2107"]
[BlackElo "1970"]
[PlyCount "93"]
[EventDate "2012.??.??"]
[WhiteTeam "Sfrd. Berlin 1903 e.V."]
[BlackTeam "Schachverein Unser Fritz Wanne-E"]

1. e4 e5 2. Nf3 Nf6 3. Nxe5 d6 4. Nxf7 Kxf7 5. d4 Be6 6. Nc3 Be7 7. Bd3 g6 8.
O-O Kg7 9. f4 Nbd7 10. f5 gxf5 11. exf5 Bf7 12. Qf3 Rg8 13. Bf4 Kh8 14. Rae1
Bf8 15. Bg3 c6 16. Bh4 Qb6 17. Qf2 c5 18. dxc5 Qxc5 19. Qxc5 dxc5 20. Re6 Bg7
21. Re7 Rgf8 22. Bb5 Rad8 23. Bxd7 Rxd7 24. Bxf6 Rxe7 25. Bxe7 Bd4+ 26. Kh1 Re8
27. f6 Bxc3 28. bxc3 b6 29. a3 Kg8 30. Rd1 Be6 31. Kg1 Kf7 32. Kf2 Rg8 33. h3
Rc8 34. g4 Rg8 35. Rd8 Rxd8 36. Bxd8 Bd5 37. Ke3 Bg2 38. h4 Bd5 39. h5 Be6 40.
Kf4 Ba2 41. g5 Bb1 42. Ke5 Bxc2 43. Be7 Bd3 44. Kd6 Be2 45. g6+ hxg6 46. h6 Kg8
47. h7+ 1-0

[Event "11. Lichtenberger Sommer"]
[Site "Berlin"]
[Date "2012.08.22"]
[Round "5.27"]
[White "Neumann, Thomas"]
[Black "Lämmel, Sebastian"]
[Result "1-0"]
[WhiteElo "2130"]
[BlackElo "1888"]
[PlyCount "110"]
[EventDate "2012.??.??"]
[WhiteTeam "SC Borussia Friedrichsfelde 1920"]
[BlackTeam "SV Cranzahl 1962"]

1. d4 Nf6 2. Nf3 g6 3. c4 Bg7 4. Nc3 d5 5. e3 O-O 6. b4 c6 7. Qb3 dxc4 8. Bxc4
b5 9. Bd3 a5 10. Ba3 Nfd7 11. bxa5 Re8 12. Rd1 Na6 13. Be4 b4 14. Bxb4 Rb8 15.
a3 c5 16. dxc5 Qxa5 17. Qxf7+ Kxf7 18. Ng5+ Kg8 19. Bxa5 Ndxc5 20. Bc6 Rf8 21.
Nb5 h6 22. Nf3 Nb3 23. Bb4 Nxb4 24. axb4 Ba6 25. Rb1 Rxb5 26. Bxb5 Bc3+ 27. Kd1
Bxb5 28. Kc2 Bxb4 29. Kxb3 Bd6 30. Kc3 Bc6 31. Kd3 Bxf3 32. gxf3 Rxf3 33. Ke2
Rh3 34. Rbg1 Kf7 35. Rg4 g5 36. Rg2 Kf6 37. Kd3 Ke6 38. Rb1 Rxh2 39. Rxh2 Bxh2
40. Rh1 Be5 41. Rxh6+ Bf6 42. Ke4 Kf7 43. Kd5 Kg7 44. Rh1 Kf7 45. Rg1 Kg6 46.
Ke6 Kh5 47. Kf5 Kh6 48. e4 Bd4 49. Rg2 e5 50. Rh2+ Kg7 51. Kxg5 Bc3 52. Kf5 Bd4
53. f3 Bc3 54. Rg2+ Kf7 55. Rg6 Bd4 1-0

[Event "11. Lichtenberger Sommer"]
[Site "Berlin"]
[Date "2012.08.22"]
[Round "5.28"]
[White "Meyer, Willfried"]
[Black "Petersen, Soren Boeck"]
[Result "0-1"]
[WhiteElo "1807"]
[BlackElo "2279"]
[PlyCount "50"]
[EventDate "2012.??.??"]
[WhiteTeam "SC Zugzwang 95 e.V."]
[BlackTeam "Damhus Skakklub"]

1. e4 e6 2. Nf3 d5 3. e5 c5 4. b4 cxb4 5. a3 d4 6. Bb2 Nc6 7. Bb5 Bd7 8. O-O
Bc5 9. axb4 Nxb4 10. Bxd7+ Qxd7 11. d3 Ne7 12. Nbd2 O-O 13. Ne4 b6 14. Qd2 Nbc6
15. Qg5 Ng6 16. Qh5 Be7 17. Bc1 Qd5 18. Nfg5 Bxg5 19. Nxg5 h6 20. Nxf7 Kxf7 21.
f4 Nce7 22. g4 Kg8 23. f5 exf5 24. gxf5 Qxe5 25. Ba3 Rxf5 0-1

[Event "11. Lichtenberger Sommer"]
[Site "Berlin"]
[Date "2012.08.22"]
[Round "5.29"]
[White "Penner, Markus"]
[Black "Kapp, Martin"]
[Result "0-1"]
[WhiteElo "1998"]
[BlackElo "2215"]
[PlyCount "72"]
[EventDate "2012.??.??"]
[WhiteTeam "SK Zehlendorf e.V."]
[BlackTeam "TSV IFA Chemnitz"]

1. e4 e6 2. d4 d5 3. Nc3 Nf6 4. e5 Nfd7 5. f4 c5 6. Nf3 Nc6 7. Be3 Nxd4 8. Nxd4
cxd4 9. Bxd4 Nb8 10. Qd2 Nc6 11. Bb5 Qa5 12. O-O Bd7 13. Bxc6 bxc6 14. a3 c5
15. b4 Qc7 16. bxc5 Bxc5 17. a4 O-O 18. Ne2 Rfc8 19. Rf3 Rab8 20. Rc3 Qa5 21.
Qe3 Bxd4 22. Qxd4 Rxc3 23. Qxc3 Qb6+ 24. Qd4 Qa5 25. Qc3 Rb4 26. g3 Qb6+ 27.
Kg2 a5 28. Kh3 h5 29. Ra3 g6 30. Rb3 Bxa4 31. Rxb4 axb4 32. Qc8+ Kg7 33. f5
exf5 34. Nf4 Bb5 35. Nxd5 Qg1 36. Ne3 Qxe3 0-1

[Event "11. Lichtenberger Sommer"]
[Site "Berlin"]
[Date "2012.08.22"]
[Round "5.30"]
[White "Sieglen, Joachim"]
[Black "Costello, Colin"]
[Result "1-0"]
[WhiteElo "2281"]
[BlackElo "1956"]
[PlyCount "85"]
[EventDate "2012.??.??"]
[WhiteTeam "SC Untergrombach 46"]
[BlackTeam "SC Weisse Dame e.V."]

1. d4 Nf6 2. c4 e6 3. g3 d5 4. Bg2 Nbd7 5. Nf3 Be7 6. O-O O-O 7. Qc2 c6 8. b3
b6 9. Rd1 Bb7 10. Nc3 Rc8 11. e4 dxe4 12. Nxe4 c5 13. Nxf6+ Bxf6 14. Ng5 Bxg5
15. Bxb7 Rc7 16. Be4 Bf6 17. Bb2 g6 18. dxc5 Bxb2 19. cxb6 Bxa1 20. bxc7 Qxc7
21. Rxa1 f5 22. Bg2 f4 23. Re1 f3 24. Bh3 e5 25. Qe4 Nc5 26. Qd5+ Kg7 27. Qxe5+
Qxe5 28. Rxe5 Nd3 29. Re3 Nc1 30. Bg4 Ne2+ 31. Kf1 Nd4 32. Rd3 h5 33. Bd7 Nc2
34. c5 Nb4 35. Rd4 Rd8 36. Rxb4 Rxd7 37. Ke1 Re7+ 38. Kd1 Re2 39. c6 Rxf2 40.
c7 Rf1+ 41. Kd2 f2 42. Rf4 Ra1 43. c8=Q 1-0

[Event "11. Lichtenberger Sommer"]
[Site "Berlin"]
[Date "2012.08.22"]
[Round "5.32"]
[White "Schmidt, Jürgen"]
[Black "Höckendorf, Hartmut"]
[Result "0-1"]
[WhiteElo "2055"]
[BlackElo "2185"]
[PlyCount "58"]
[EventDate "2012.??.??"]
[WhiteTeam "SC Kreuzberg e.V."]
[BlackTeam "BSG Pneumant Fürstenwalde e.V."]

1. e4 c5 2. Nf3 d6 3. d4 cxd4 4. Nxd4 Nf6 5. Nc3 g6 6. Bc4 Bg7 7. Be3 O-O 8. f3
Nc6 9. Qd2 Bd7 10. O-O-O Qb8 11. h4 b5 12. Nxc6 Bxc6 13. Bd5 b4 14. Ne2 Rc8 15.
Bxc6 Rxc6 16. Kb1 a5 17. h5 a4 18. hxg6 fxg6 19. Bg5 b3 20. cxb3 axb3 21. Nc3
bxa2+ 22. Ka1 e6 23. e5 Nd7 24. Nd5 Nc5 25. Ne7+ Kf7 26. Qf4+ Ke8 27. b4 dxe5
28. Rxh7 exf4+ 29. Rxg7 Qe5+ 0-1

[Event "11. Lichtenberger Sommer"]
[Site "Berlin"]
[Date "2012.08.22"]
[Round "5.33"]
[White "Berndt, Matthias"]
[Black "Peschke, Uwe"]
[Result "1/2-1/2"]
[WhiteElo "2142"]
[BlackElo "2054"]
[PlyCount "179"]
[EventDate "2012.??.??"]
[WhiteTeam "SC Fulda"]
[BlackTeam "SC Empor Potsdam 1952 e.V."]

1. e4 d5 2. exd5 Qxd5 3. Nc3 Qa5 4. d4 Nf6 5. Bc4 c6 6. Nf3 Bf5 7. Bd2 e6 8.
Qe2 Bb4 9. O-O-O Nbd7 10. a3 Bxc3 11. Bxc3 Qc7 12. Ne5 Nxe5 13. dxe5 Nd5 14.
Bd2 O-O-O 15. g4 Bg6 16. f4 h5 17. h3 hxg4 18. hxg4 Rxh1 19. Rxh1 Qb6 20. Rf1
Qd4 21. c3 Qe4 22. Qxe4 Bxe4 23. Be2 Rh8 24. c4 Rh2 25. cxd5 Rxe2 26. dxe6 fxe6
27. f5 Bg2 28. Rg1 exf5 29. gxf5 Bd5 30. f6 gxf6 31. exf6 Rf2 32. Bc3 Bb3 33.
Bd4 Rf4 34. Be5 Rf5 35. Re1 a5 36. Kd2 Rf3 37. Ke2 Bd5 38. Rg1 a4 39. Rg7 b5
40. Re7 Kd8 41. Bc3 Kc8 42. Re5 Rh3 43. Re8+ Kd7 44. Re7+ Kd6 45. Be5+ Kc5 46.
Rd7 Rh5 47. Bd6+ Kc4 48. f7 Bxf7 49. Rxf7 Rd5 50. Bf8 c5 51. Rf3 b4 52. axb4
Kxb4 53. Rc3 Rf5 54. Bd6 Rd5 55. Bf4 c4 56. Bd2 Kb5 57. Kd1 Rd3 58. Rc1 a3 59.
bxa3 Rxa3 60. Bc3 Ra2 61. Rb1+ Kc5 62. Rb8 Rg2 63. Rf8 Rg1+ 64. Ke2 Rg2+ 65.
Kf3 Rg5 66. Kf4 Rd5 67. Rc8+ Kb5 68. Ke4 Rd7 69. Bd4 Re7+ 70. Kd5 Rd7+ 71. Ke5
Kb4 72. Rb8+ Ka4 73. Ke4 Rc7 74. Bc3 Ka3 75. Kd5 Ka2 76. Ba5 Ra7 77. Rb5 Rh7
78. Kxc4 Rh3 79. Bc3 Rh4+ 80. Bd4 Rh3 81. Rb2+ Ka3 82. Rb1 Ka4 83. Rb4+ Ka5 84.
Rb6 Rh5 85. Rc6 Ka4 86. Rc7 Rg5 87. Rb7 Rh5 88. Bc3 Rh4+ 89. Kd3 Rg4 90. Bd4
1/2-1/2

[Event "11. Lichtenberger Sommer"]
[Site "Berlin"]
[Date "2012.08.22"]
[Round "5.34"]
[White "Major, Vitalij"]
[Black "Fischer, Daniel"]
[Result "1/2-1/2"]
[WhiteElo "2147"]
[BlackElo "2114"]
[PlyCount "46"]
[EventDate "2012.??.??"]
[WhiteTeam "SC Zitadelle Spandau 1977 e.V."]
[BlackTeam "SK Oberkirch"]

1. d4 d6 2. g3 e5 3. dxe5 dxe5 4. Qxd8+ Kxd8 5. Bg2 Nd7 6. Nf3 f6 7. O-O c6 8.
a4 a5 9. Na3 Nb6 10. b3 Be6 11. e4 Bc5 12. Bb2 Nh6 13. Ne1 Nf7 14. Nd3 Nd7 15.
Nxc5 Nxc5 16. f4 Kc7 17. f5 Bc8 18. Kf2 b6 19. Ke3 Ba6 20. Rfd1 Rad8 21. Bc3
Rxd1 22. Rxd1 Rd8 23. Rxd8 Kxd8 1/2-1/2

[Event "11. Lichtenberger Sommer"]
[Site "Berlin"]
[Date "2012.08.22"]
[Round "5.36"]
[White "Schwedek, Tony"]
[Black "Marxen, Peter"]
[Result "1/2-1/2"]
[WhiteElo "1862"]
[BlackElo "2140"]
[PlyCount "147"]
[EventDate "2012.??.??"]
[WhiteTeam "SC Zitadelle Spandau 1977 e.V."]
[BlackTeam "Preetzer TSV"]

1. c4 Nf6 2. g3 c6 3. Nf3 d5 4. Bg2 Bf5 5. O-O e6 6. b3 h6 7. Bb2 Nbd7 8. d4
Be7 9. Nbd2 O-O 10. Rc1 Re8 11. c5 Qc7 12. b4 Ne4 13. Nb3 Bh7 14. a4 f6 15. e3
Ng5 16. Qe2 e5 17. Nfd2 exd4 18. Nxd4 Bf8 19. N2b3 Ne6 20. Nxe6 Rxe6 21. Nd4
Ree8 22. Rfd1 Ne5 23. a5 Nc4 24. Rxc4 dxc4 25. Qxc4+ Kh8 26. a6 Bg8 27. Qc2
Rad8 28. axb7 Bd5 29. e4 Bg8 30. b5 Qxb7 31. bxc6 Qc8 32. Ra1 a6 33. Bf1 Qc7
34. Rxa6 Ra8 35. Rb6 Qe7 36. Rb7 Qxc5 37. Qxc5 Bxc5 38. Nf5 Reb8 39. Nxh6 Rxb7
40. cxb7 Rb8 41. Nxg8 Rxb7 42. Bxf6 Kxg8 43. Bg5 Rb2 44. Be3 Bxe3 45. fxe3 Kf7
46. h4 Kf6 47. Bg2 Re2 48. Kh2 Ke5 49. Kh3 Rxe3 50. Kg4 Rb3 51. Bf3 Rb6 52. Bg2
Rb2 53. Bf3 Rb6 54. Bg2 Rf6 55. Bh1 Kd4 56. Bg2 Rf2 57. Bh1 Rh2 58. Bf3 Rb2 59.
Bh1 Rb6 60. Bg2 Ke3 61. e5 Kd4 62. Kf4 Re6 63. Bh3 Rxe5 64. Bf5 Ra5 65. g4 Ra6
66. Bc8 Rf6+ 67. Bf5 Rd6 68. h5 Rb6 69. Bc8 Rd6 70. Bf5 Kd5 71. Bc8 Rb6 72. Kf5
Rf6+ 73. Kg5 Ke5 74. Bf5 1/2-1/2

[Event "11. Lichtenberger Sommer"]
[Site "Berlin"]
[Date "2012.08.22"]
[Round "5.37"]
[White "Kornrumpf, Joachim"]
[Black "Eichler, Jan-Christoph"]
[Result "1-0"]
[WhiteElo "2073"]
[BlackElo "2095"]
[PlyCount "89"]
[EventDate "2012.??.??"]
[WhiteTeam "Preetzer TSV"]
[BlackTeam "Schachclub Oranienburg e.V."]

1. Nf3 Nf6 2. c4 g6 3. b3 Bg7 4. Bb2 c6 5. e3 d5 6. d3 O-O 7. Nbd2 Bf5 8. Qc2
Na6 9. a3 b5 10. Be2 bxc4 11. bxc4 Rb8 12. Be5 Rb6 13. O-O Nh5 14. Bxg7 Nxg7
15. Rfb1 Qd7 16. e4 Be6 17. exd5 cxd5 18. c5 Rxb1+ 19. Rxb1 Qc6 20. Rc1 Rc8 21.
d4 Bf5 22. Qc3 f6 23. Qa5 Nc7 24. Qxa7 Ra8 25. Qb6 Bd7 26. Qb2 Nf5 27. Bd3 Qa4
28. Ra1 Nb5 29. Bc2 Qa6 30. a4 Qa5 31. Nb3 Qc3 32. Qxc3 Nxc3 33. a5 Ba4 34. g4
Ng7 35. Ra3 Ne6 36. Na1 Bxc2 37. Nxc2 Ne2+ 38. Kf1 N2f4 39. a6 Nc7 40. Nb4 Rb8
41. Nc6 Rb1+ 42. Ne1 Kf7 43. a7 Ke6 44. Re3+ Kd7 45. Rxe7+ 1-0

[Event "11. Lichtenberger Sommer"]
[Site "Berlin"]
[Date "2012.08.22"]
[Round "5.39"]
[White "Gräfe, Charly"]
[Black "Jaeger, Andre"]
[Result "1/2-1/2"]
[WhiteElo "1950"]
[BlackElo "2002"]
[PlyCount "96"]
[EventDate "2012.??.??"]
[WhiteTeam "SF Friedrichshagen"]
[BlackTeam "SC Rochade e.V."]

1. Nf3 Nf6 2. b3 d5 3. Bb2 Bg4 4. g3 Nbd7 5. Bg2 e6 6. O-O Bd6 7. d3 O-O 8.
Nbd2 c6 9. e4 e5 10. h3 Bh5 11. c3 Nc5 12. Qc2 dxe4 13. Nxe4 Nfxe4 14. dxe4 Qf6
15. Qe2 Ne6 16. Rad1 Rad8 17. Bc1 h6 18. b4 Bc7 19. Rxd8 Rxd8 20. Rd1 Rxd1+ 21.
Qxd1 Bb6 22. Qd3 Ng5 23. Bxg5 hxg5 24. c4 g4 25. hxg4 Bxg4 26. c5 Bc7 27. Nd2
b5 28. f3 Be6 29. a3 Qg5 30. Kf2 g6 31. Qe3 Qd8 32. Bf1 Kg7 33. Qd3 Qh8 34. Bg2
Qh6 35. Qe3 Qh7 36. Nf1 Qh5 37. Nd2 Bd8 38. Qd3 Be7 39. Nf1 Qh8 40. Qc3 f6 41.
Qd2 a5 42. Ne3 axb4 43. axb4 Qa8 44. Qb2 Kf7 45. Bf1 Qa2 46. Qxa2 Bxa2 47. Bd3
Be6 48. Ke2 Bf8 1/2-1/2

[Event "11. Lichtenberger Sommer"]
[Site "Berlin"]
[Date "2012.08.22"]
[Round "5.41"]
[White "Montolio Benedicto, Cesar"]
[Black "Schlittermann, Wolfgang"]
[Result "1/2-1/2"]
[WhiteElo "1956"]
[BlackElo "1755"]
[PlyCount "63"]
[EventDate "2012.??.??"]
[WhiteTeam "Gros Xake Taldea"]
[BlackTeam "SV Osram e.V."]

1. e4 c5 2. c3 e6 3. d4 cxd4 4. cxd4 Bb4+ 5. Nc3 Nf6 6. Bd3 d5 7. e5 Nfd7 8.
Nf3 h6 9. O-O a6 10. Be3 Nb6 11. Rc1 Nc4 12. Qb3 Nxe3 13. fxe3 Nc6 14. Na4 Be7
15. Nc5 Rb8 16. Qc3 Bxc5 17. Qxc5 Qe7 18. Qc3 Bd7 19. Nd2 O-O 20. Nb3 Nb4 21.
Bb1 Rfc8 22. Qd2 Bb5 23. Rfe1 Bc4 24. Rc3 Bxb3 25. Rxb3 Nc6 26. Rc3 Na7 27.
Rec1 Rxc3 28. Rxc3 g6 29. Qc1 Qg5 30. Bd3 Kg7 31. Rc7 Rc8 32. Rxc8 1/2-1/2

[Event "11. Lichtenberger Sommer"]
[Site "Berlin"]
[Date "2012.08.22"]
[Round "5.42"]
[White "Deutschbein, Christopher"]
[Black "Konrad, Erhard"]
[Result "0-1"]
[WhiteElo "2049"]
[BlackElo "1956"]
[PlyCount "56"]
[EventDate "2012.??.??"]
[WhiteTeam "Bille SC von 1924 e.V."]
[BlackTeam "SG Lasker Steglitz-Wilmersdorf"]

1. e4 c5 2. Nc3 e6 3. f4 d5 4. Nf3 dxe4 5. Nxe4 Nf6 6. Ng3 Bd6 7. Bb5+ Bd7 8.
Bxd7+ Nbxd7 9. d3 Qc7 10. Ne2 Nd5 11. g3 O-O 12. b3 e5 13. fxe5 Nxe5 14. O-O
Ng4 15. Qd2 Nde3 16. Re1 Qc6 17. Nf4 Bxf4 18. gxf4 Qxf3 19. Rxe3 Nxe3 20. Qxe3
Qd1+ 21. Kg2 Rfe8 22. Qxc5 Re2+ 23. Kg3 Qe1+ 24. Kf3 Qf1+ 25. Kg4 Qg2+ 26. Kh4
Qxh2+ 27. Kg4 Qg2+ 28. Kh4 h5 0-1

[Event "11. Lichtenberger Sommer"]
[Site "Berlin"]
[Date "2012.08.22"]
[Round "5.44"]
[White "Jahnz, Fabian"]
[Black "Walter, Günter"]
[Result "1-0"]
[WhiteElo "2215"]
[BlackElo "1983"]
[PlyCount "88"]
[EventDate "2012.??.??"]
[WhiteTeam "SK König Tegel 1949 e.V."]
[BlackTeam "TSG Oberschöneweide e.V."]

1. e4 e5 2. Nf3 Nc6 3. Bc4 Nf6 4. d3 Be7 5. O-O O-O 6. Re1 d6 7. a4 Bg4 8. c3
h6 9. a5 a6 10. h3 Bxf3 11. Qxf3 Nh7 12. Nd2 Bg5 13. g3 Qd7 14. h4 Bxd2 15.
Bxd2 Qh3 16. Qg2 Qxg2+ 17. Kxg2 Nf6 18. b4 Rfd8 19. Reb1 d5 20. exd5 Nxd5 21.
b5 axb5 22. Bxb5 Nde7 23. a6 bxa6 24. Bxa6 Rdb8 25. Bc4 Rxa1 26. Rxa1 Rb2 27.
Be3 Kf8 28. Bc5 Ke8 29. Kf3 h5 30. Ra8+ Rb8 31. Rxb8+ Nxb8 32. Ke4 f5+ 33. Kxe5
Nd7+ 34. Kd4 Nc6+ 35. Kd5 Nce5 36. Bb5 c6+ 37. Bxc6 Nxc6 38. Kxc6 Ne5+ 39. Kd5
Nxd3 40. Bd4 Ke7 41. Kc4 Ne1 42. Bxg7 f4 43. Kd4 fxg3 44. fxg3 Nf3+ 1-0

[Event "11. Lichtenberger Sommer"]
[Site "Berlin"]
[Date "2012.08.22"]
[Round "5.45"]
[White "Gelemerov, Yane"]
[Black "Räcke, Norbert"]
[Result "1-0"]
[WhiteElo "2033"]
[BlackElo "1835"]
[PlyCount "73"]
[EventDate "2012.??.??"]
[WhiteTeam "Krakra Pernik"]
[BlackTeam "Queer-Springer SSV Berlin"]

1. e4 e6 2. d4 d5 3. Nc3 Bb4 4. Bd3 dxe4 5. Bxe4 Nf6 6. Bd3 c5 7. Nf3 cxd4 8.
Nxd4 e5 9. Nde2 Bg4 10. f3 Be6 11. O-O O-O 12. Be3 Nbd7 13. a3 Bc5 14. Bf2
Bxf2+ 15. Rxf2 Nc5 16. Nc1 a5 17. Qe1 Nfd7 18. Bb5 f6 19. Rd2 Qb6 20. Qf2 Rfd8
21. N1e2 Nf8 22. Rad1 Rxd2 23. Rxd2 Qc7 24. Ng3 b6 25. Nge4 Nxe4 26. fxe4 Rd8
27. Nd5 Bxd5 28. exd5 Ng6 29. c4 Qc5 30. g3 Qxf2+ 31. Kxf2 Ne7 32. b4 axb4 33.
axb4 Nf5 34. c5 bxc5 35. bxc5 Nd4 36. Rxd4 exd4 37. c6 1-0

[Event "11. Lichtenberger Sommer"]
[Site "Berlin"]
[Date "2012.08.22"]
[Round "5.47"]
[White "Knopf, Roland"]
[Black "Tahiri, Daut"]
[Result "1/2-1/2"]
[WhiteElo "1886"]
[BlackElo "2114"]
[PlyCount "127"]
[EventDate "2012.??.??"]
[WhiteTeam "SC Kreuzberg e.V."]
[BlackTeam "SK Tempelhof 1931 e.V."]

1. d4 e6 2. c4 Nf6 3. Nc3 Bb4 4. Bd2 b6 5. Nf3 Bb7 6. e3 O-O 7. Bd3 d6 8. O-O
Bxc3 9. Bxc3 Ne4 10. Bxe4 Bxe4 11. Nd2 Bb7 12. e4 Nd7 13. d5 e5 14. f4 exf4 15.
Rxf4 Ne5 16. Qe2 Qe7 17. Raf1 Ng6 18. Qg4 Bc8 19. Qg3 f6 20. R4f2 Bd7 21. h4
Ne5 22. b3 a6 23. h5 Kh8 24. a3 c5 25. Qh4 h6 26. Nf3 Ng4 27. Re2 b5 28. e5
dxe5 29. Nxe5 Nxe5 30. Rxe5 Qd6 31. Re3 Rae8 32. Rfe1 Rxe3 33. Rxe3 Re8 34. Qe1
Qf8 35. cxb5 Rxe3 36. Qxe3 axb5 37. b4 c4 38. Qc5 Qe8 39. Qd6 Qe3+ 40. Kh2 Qxc3
41. Qxd7 Qe5+ 42. Kg1 c3 43. d6 Kh7 44. Qc6 Qd4+ 45. Kh2 Qe5+ 46. Kg1 Qxh5 47.
Qxc3 Qd1+ 48. Kf2 Qxd6 49. Qc5 Qf4+ 50. Ke2 Qe4+ 51. Kd2 Qxg2+ 52. Kc3 Qf3+ 53.
Kb2 Qf1 54. Qc2+ f5 55. a4 bxa4 56. Qxa4 Qf2+ 57. Qc2 Qd4+ 58. Kb3 Qe3+ 59. Qc3
Qe6+ 60. Qc4 Qe3+ 61. Qc3 Qe4 62. Qc2 Qd5+ 63. Qc4 Qd1+ 64. Qc2 1/2-1/2

[Event "11. Lichtenberger Sommer"]
[Site "Berlin"]
[Date "2012.08.22"]
[Round "5.48"]
[White "Getzuhn, Detlef"]
[Black "Hahlbohm, Matthias"]
[Result "0-1"]
[WhiteElo "1904"]
[BlackElo "2065"]
[PlyCount "104"]
[EventDate "2012.??.??"]
[WhiteTeam "SV Senat e.V."]
[BlackTeam "TSG Oberschöneweide e.V."]

1. e4 e6 2. d4 d5 3. exd5 exd5 4. Bd3 Nf6 5. h3 Bd6 6. Nf3 h6 7. O-O O-O 8. Be3
Re8 9. b3 Ne4 10. c4 c6 11. Qc2 f5 12. a3 Nd7 13. Nc3 Ndf6 14. Rfe1 Bd7 15. Nh2
Rc8 16. Nf1 f4 17. Bd2 Nxc3 18. Rxe8+ Qxe8 19. Bxc3 f3 20. Bg6 Qd8 21. g4 h5
22. g5 Ne4 23. h4 Nxg5 24. hxg5 Qxg5+ 25. Ng3 Bxg3 26. fxg3 Qxg3+ 27. Kh1 f2
28. Qd3 Qh4+ 29. Kg2 Rf8 30. Qg3 Qxg3+ 31. Kxg3 f1=Q 32. Rxf1 Rxf1 33. Bxh5 Rb1
34. Bb4 Rxb3+ 35. Kf2 dxc4 36. Bg6 Be6 37. Ke2 Rh3 38. Kd2 Bd5 39. Kc2 b6 40.
Kd2 a5 41. Be7 Rg3 42. Bf5 g6 43. Bc2 b5 44. Bd6 Rg2+ 45. Kc3 Kf7 46. Bb1 Re2
47. Bc5 Be4 48. Bxe4 Rxe4 49. Kc2 Ke6 50. Kd2 Kd5 51. Bb6 Rxd4+ 52. Bxd4 Kxd4
0-1

[Event "11. Lichtenberger Sommer"]
[Site "Berlin"]
[Date "2012.08.22"]
[Round "5.49"]
[White "Sabrowski, Uwe"]
[Black "Bandlow, Reinhard"]
[Result "1-0"]
[WhiteElo "2114"]
[BlackElo "1983"]
[PlyCount "65"]
[EventDate "2012.??.??"]
[WhiteTeam "SC Friesen Lichtenberg e.V."]
[BlackTeam "SV Bau-Union e.V."]

1. d4 Nf6 2. c4 e6 3. a3 d5 4. Nc3 Be7 5. Bg5 O-O 6. e3 h6 7. Bh4 Nbd7 8. Qc2
b6 9. cxd5 exd5 10. Bb5 Bb7 11. Nf3 c6 12. Bd3 Ne4 13. Bxe7 Qxe7 14. Nxe4 dxe4
15. Bxe4 Nf6 16. Bd3 Rac8 17. Qe2 c5 18. O-O Rfd8 19. Ba6 cxd4 20. Nxd4 Rc5 21.
Bxb7 Qxb7 22. Rac1 Qe4 23. Rxc5 bxc5 24. Nf3 c4 25. Rc1 Qd5 26. h3 Qd3 27. Qxd3
cxd3 28. Rd1 Ne4 29. Nd4 Nc5 30. b4 Ne6 31. Rxd3 f5 32. Kf1 f4 33. Ke2 1-0

[Event "11. Lichtenberger Sommer"]
[Site "Berlin"]
[Date "2012.08.22"]
[Round "5.50"]
[White "Birkholz, Axel"]
[Black "Poseck, Steffen"]
[Result "1/2-1/2"]
[WhiteElo "1882"]
[BlackElo "2076"]
[PlyCount "100"]
[EventDate "2012.??.??"]
[WhiteTeam "SV Trossingen"]
[BlackTeam "BSV 63 Chemie Weißensee"]

1. e4 d5 2. exd5 Qxd5 3. Nc3 Qa5 4. d4 Nf6 5. Nf3 Bf5 6. Bd2 c6 7. Bc4 e6 8.
Nd5 Qd8 9. Nxf6+ gxf6 10. Bb3 Na6 11. Qe2 Be7 12. O-O-O Qd7 13. Nh4 Bg6 14. Bc3
O-O-O 15. f4 Nc7 16. g4 Rde8 17. f5 exf5 18. gxf5 Bxf5 19. Nxf5 Qxf5 20. Bxf7
Rd8 21. Qxe7 Rd7 22. Qa3 Nb5 23. Qb3 Nc7 24. Bc4 b5 25. Bd3 Qh3 26. Rhf1 Kb7
27. Kb1 Qxh2 28. Be4 Re8 29. Bd3 Nd5 30. Bd2 a6 31. a4 Qc7 32. axb5 axb5 33. c4
Ne3 34. cxb5 c5 35. b6 Qxb6 36. Qxb6+ Kxb6 37. Rxf6+ Ka7 38. Bxe3 Rxe3 39. dxc5
Rexd3 40. Rxd3 Rxd3 41. Rh6 Rd5 42. Rxh7+ Kb8 43. c6 Rc5 44. Rh6 Kc7 45. Ka2
Kb6 46. Kb3 Rb5+ 47. Kc3 Rc5+ 48. Kd4 Rb5 49. Kc4 Rxb2 50. Kd5 Rd2+ 1/2-1/2

[Event "11. Lichtenberger Sommer"]
[Site "Berlin"]
[Date "2012.08.22"]
[Round "5.51"]
[White "Breitwieser, Jasmin"]
[Black "Schmalzried, Volker"]
[Result "1/2-1/2"]
[WhiteElo "1938"]
[BlackElo "1858"]
[PlyCount "102"]
[EventDate "2012.??.??"]
[WhiteTeam "Sfr. Frankfurt 1921"]
[BlackTeam "Umweltbundesamt"]

1. d4 g6 2. c4 Bg7 3. Nc3 c5 4. d5 d6 5. e4 Nf6 6. h3 O-O 7. Nf3 Na6 8. Bd3 Nc7
9. O-O a6 10. a4 Rb8 11. Bf4 e5 12. Bh2 Bd7 13. Nd2 b5 14. axb5 axb5 15. f4
exf4 16. Bxf4 b4 17. Ne2 Qe7 18. Ra7 Nce8 19. Ng3 h5 20. Qc2 Nh7 21. Nf3 Qf6
22. Qd2 Bc8 23. e5 Qd8 24. Ne4 dxe5 25. Bxe5 Bxe5 26. Nxe5 Bf5 27. Nc6 Qb6 28.
Rfa1 Rb7 29. Ne7+ Kg7 30. Nxf5+ gxf5 31. Rxb7 Qxb7 32. Ng3 Nef6 33. Nxf5+ Kh8
34. Qh6 Rg8 35. Re1 Qa8 36. Qe3 Qa2 37. Ne7 Rg7 38. Qe2 Qa6 39. Nf5 Rg8 40. Qf2
Nxd5 41. cxd5 Qxd3 42. Nh6 Rf8 43. Qxc5 Qg6 44. Qd4+ f6 45. Qxb4 Qxh6 46. d6
Ng5 47. d7 Nf7 48. Re8 Rg8 49. Qe7 Qc1+ 50. Kh2 Qf4+ 51. Kg1 Qc1+ 1/2-1/2

[Event "11. Lichtenberger Sommer"]
[Site "Berlin"]
[Date "2012.08.22"]
[Round "5.52"]
[White "Barwich, Alfred"]
[Black "Kapp, Frank"]
[Result "1-0"]
[WhiteElo "2011"]
[BlackElo "1887"]
[PlyCount "85"]
[EventDate "2012.??.??"]
[WhiteTeam "SV Berolina Mitte e.V."]
[BlackTeam "TSV IFA Chemnitz"]

1. c4 e6 2. g3 d5 3. Bg2 Nf6 4. Nf3 Be7 5. b3 Nbd7 6. O-O O-O 7. Bb2 c6 8. d3
b6 9. Nbd2 Bb7 10. e4 dxe4 11. dxe4 c5 12. Qe2 Qc7 13. Rad1 Rfd8 14. e5 Ne8 15.
Ne4 Nf8 16. Nfd2 Rd7 17. f4 Rad8 18. Nb1 Rxd1 19. Rxd1 Rd7 20. Nbc3 a6 21. Rd2
Qd8 22. Rxd7 Qxd7 23. Qd1 Qc7 24. Qf3 Nd7 25. Kf2 Nb8 26. Nf6+ Nxf6 27. Qxb7
Ng4+ 28. Kg1 Qd8 29. h3 Ne3 30. Bf3 Nf5 31. Ne4 Nd4 32. Bg2 Kf8 33. Kh2 Ndc6
34. Nd6 Na5 35. Qa7 f5 36. Bc3 Nac6 37. Qb7 Nd4 38. Nc8 Nd7 39. Qxa6 g5 40.
Nxe7 Kxe7 41. Bd2 gxf4 42. Bxf4 Ne2 43. Bg5+ 1-0

[Event "11. Lichtenberger Sommer"]
[Site "Berlin"]
[Date "2012.08.22"]
[Round "5.53"]
[White "Witte, Ronald"]
[Black "Radjenovic, Branko"]
[Result "1/2-1/2"]
[WhiteElo "2034"]
[BlackElo "1845"]
[PlyCount "161"]
[EventDate "2012.??.??"]
[WhiteTeam "BSV 63 Chemie Weißensee"]
[BlackTeam "SK Dragojle Babic"]

1. Nf3 Nf6 2. g3 g6 3. Bg2 Bg7 4. O-O O-O 5. d4 d6 6. c4 Nbd7 7. Nc3 c6 8. e4
e5 9. h3 Qc7 10. Be3 a6 11. Re1 Re8 12. Qc2 h6 13. Rad1 Nf8 14. c5 dxc5 15.
dxc5 Ne6 16. Na4 Nd7 17. Bf1 Rb8 18. Bc4 Bf8 19. b4 Nd8 20. Kh2 Nf6 21. Nb6 Be6
22. Rd2 Bxc4 23. Qxc4 Ne6 24. Red1 Rbd8 25. Qc2 Rxd2 26. Rxd2 Rd8 27. Rxd8 Nxd8
28. Nc4 Nd7 29. Qd2 g5 30. Ncxe5 Nxe5 31. Nxe5 Qxe5 32. Qxd8 Qxe4 33. Bd4 Qe7
34. Qb8 f6 35. Qc8 Kg7 36. Qf5 Qf7 37. a3 Qg6 38. Qd7+ Qf7 39. Qf5 Be7 40. Qe4
Bd8 41. Qf5 Qe7 42. h4 Qf7 43. hxg5 hxg5 44. Qxg5+ Qg6 45. Qxg6+ Kxg6 46. Kg2
Bc7 47. Kf3 a5 48. g4 axb4 49. axb4 Kf7 50. Ke4 Kg6 51. f4 Bb8 52. Be3 Bc7 53.
f5+ Kf7 54. Bf4 Bd8 55. Kf3 Kg7 56. Kg3 Kf7 57. Kh4 b6 58. cxb6 Bxb6 59. Kh3
Bd4 60. Bd6 Be3 61. Kg3 Ke8 62. Bc5 Bd2 63. Kf3 Kd7 64. Ke4 Be1 65. Kd3 Bh4 66.
Be3 Be1 67. Kc4 Bh4 68. Kc5 Bg3 69. Bd4 Bd6+ 70. Kc4 Be7 71. Bc5 Bd8 72. Kd4
Bc7 73. Ke4 Ke8 74. Bd4 Kf8 75. Kd3 Bd8 76. Be3 Be7 77. Kc4 Ke8 78. Bc5 Bd8 79.
Kd3 Bc7 80. Ke4 Kf7 81. Bd4 1/2-1/2